Chemical carcinogens and cancer in perspective /

Bibliographic Details
Main Author: Holland, Charles Donald (Author)
Format: Book
Language:English
Published: College Station, Texas : Texas Institute for Advancement of Chemical Technology, 1989.
Series:Insights (College Station, Tex.) ; v. 1, no. 1.
Subjects:

MARC

Tag First Indicator Second Indicator Subfields
LEADER 00000cam a2200000Ii 4500
001 in00004036331
005 20180502091632.0
008 921014s1989 txua b s000 0 eng d
035 |a (OCoLC)ocm26785900 
040 |a DLI  |b eng  |e rda  |c DLI  |d OCL  |d OCLCQ  |d TXA 
035 |a (OCoLC)26785900 
050 4 |a RC268.6  |b .H65 1989b 
049 |a TXAM 
100 1 |a Holland, Charles Donald,  |e author. 
245 1 0 |a Chemical carcinogens and cancer in perspective /  |c Charles D. Holland. 
264 1 |a College Station, Texas :  |b Texas Institute for Advancement of Chemical Technology,  |c 1989. 
264 4 |c ©1989 
300 |a 28 pages :  |b illustrations ; 28 cm 
336 |a text  |b txt  |2 rdacontent 
337 |a unmediated  |b n  |2 rdamedia 
338 |a volume  |b nc  |2 rdacarrier 
490 1 |a Insights ;  |v Volume 1 (No. 1) 
504 |a Includes bibliographical references (pages 26-28). 
650 0 |a Chemical carcinogenesis. 
650 0 |a Cancer  |x Environmental aspects. 
650 0 |a Cancer  |x Prevention. 
650 0 |a Carcinogens. 
650 2 |a Neoplasms  |x chemically induced. 
710 2 |a Texas Institute for Advancement of Chemical Technology,  |e issuing body. 
830 0 |a Insights (College Station, Tex.) ;  |v v. 1, no. 1. 
948 |a cataloged  |b h  |c 2018/05/02  |d c  |e zdobbs  |f 9:16:01 am 
994 |a C0  |b TXA 
999 f f |s c8e72855-3d6d-363d-b304-71fcd649212e  |i 19dae92a-73f4-3aff-9ef3-91cf9050db96  |t 0 
952 f f |p noncirc  |a Texas A&M University  |b College Station  |c Cushing Memorial Library & Archives  |d Cushing: Texas A&M Publications (Remote Storage: 2-3 day retrieval)  |t 0  |e RC268.6 .H65 1989b  |h Library of Congress classification  |i unmediated -- volume 
998 f f |a RC268.6 .H65 1989b  |t 0  |l Cushing: Texas A&M Publications (Remote Storage: 2-3 day retrieval)